The effect of temperature on aspects of the reproductive biology of the field bindweed moth, Tyla luctuosa (Lepidoptera: Noctuidae) /
Guardado en:
| Autor Principal: | |
|---|---|
| Autor Corporativo: | |
| Formato: | Libro |
| Idioma: | English |
| Publicado: |
Manhattan, Kansas,
2002.
|
| Etiquetas: |
Agregar Etiqueta
Sin Etiquetas, Sea el primero en etiquetar este registro!
|
| LEADER | 00821nam a22001695a 4500 | ||
|---|---|---|---|
| 001 | EEA.libagro007102 | ||
| 005 | 20170503115346.0 | ||
| 008 | 130809s2002####xxua##########000#0#eng#d | ||
| 082 | 0 | 4 | |a 595.781043 |
| 100 | 1 | |a Villamil, Soledad Camila. | |
| 245 | 1 | 4 | |a The effect of temperature on aspects of the reproductive biology of the field bindweed moth, Tyla luctuosa (Lepidoptera: Noctuidae) / |c by Soledad C. Villamil. |
| 260 | |a Manhattan, Kansas, |c 2002. | ||
| 300 | |a vi, 64 h. : |b il. ; |c 29 cm. | ||
| 500 | |a "A Thesis submitted in partial fulfillment of the requirements for the degree Master of Science". | ||
| 502 | |a Thesis (Master of Science) -- Kansas State University, 2002. | ||
| 710 | 2 | |a Kansas State University. |b Department of Entomology. |b College of Agriculture. | |
| 859 | |a AR-BbBCA |b BIB. AGRONOMIA |h 595.781043 |i V715 |p 2003/4473 | ||
